Ekonomický vývoj v krajinách východnej a juhovýchodnej Ázie v 80-tych a 90-tych rokoch
Ekonomický vývoj krajín východnej a juhovýchodnej Ázie do roku 1997. Faktory hospodárskeho rozvoja týchto krajín: makroekonomická stabilita, vysoká úroveň úspor obyvateľstva a domácich investícií, silná dynamika vývozu, liberalizácia zahraničného obchodu, konkurencieschopnosť vývozu, investície do r...
Salvato in:
| Autore principale: | |
|---|---|
| Natura: | Capitolo di libro |
| Lingua: | slovacco |
| Soggetti: | |
| Tags: |
Nessun Tag, puoi essere il primo ad aggiungerne!!
|
MARC
| LEADER | 00000naa a2200000 4500 | ||
|---|---|---|---|
| 001 | r035388 | ||
| 005 | 20230918075931.1 | ||
| 041 | 0 | |a slo | |
| 044 | |a SK | ||
| 245 | 1 | 0 | |a Ekonomický vývoj v krajinách východnej a juhovýchodnej Ázie v 80-tych a 90-tych rokoch |c Tran Thanh Lam |
| 520 | |a Ekonomický vývoj krajín východnej a juhovýchodnej Ázie do roku 1997. Faktory hospodárskeho rozvoja týchto krajín: makroekonomická stabilita, vysoká úroveň úspor obyvateľstva a domácich investícií, silná dynamika vývozu, liberalizácia zahraničného obchodu, konkurencieschopnosť vývozu, investície do rozvoja ľudského faktora. Finančná kríza a jej príčiny. Poučenie z finančnej krízy v sledovanej oblasti. | ||
| 610 | 2 | 0 | |a vývoj hospodársky |
| 610 | 2 | 0 | |a produkt domáci hrubý |
| 610 | 2 | 0 | |a Ázia |
| 610 | 2 | 0 | |a rozvoj hospodársky |
| 610 | 2 | 0 | |a politika poľnohospodárska |
| 610 | 2 | 0 | |a politika priemyselná |
| 610 | 2 | 0 | |a rast produktivity práce |
| 610 | 2 | 0 | |a kríza finančná |
| 610 | 2 | 0 | |a politika úverová |
| 610 | 2 | 0 | |a investovanie |
| 610 | 2 | 0 | |a obchod zahraničný |
| 610 | 2 | 0 | |a investície priame zahraničné |
| 100 | 1 | |a Lam, Tran Thanh | |